| 000 | 00736nam a22002057a 4500 | ||
|---|---|---|---|
| 003 | OSt | ||
| 005 | 20250621025057.0 | ||
| 008 | 250621b |||||||| |||| 00| 0 eng d | ||
| 020 | _a978-621-417-012-5 | ||
| 040 |
_aDWCL - Main lib _cOC |
||
| 082 | _aFil. 658.15 B352s 20 | ||
| 100 | _aBautista, Preala A. | ||
| 245 |
_aSimplified approach to financial management : _b theories and practices/ _cPreala R. Bautista |
||
| 260 |
_a Manila, Philippines: _bUnlimited books library services & publishing inc., _cc2018. |
||
| 300 |
_ax , 155 pages : _billustrations ; _c23cm. |
||
| 504 | _aIncludes bibliographical references | ||
| 650 | _a1. Corporation -- finance | ||
| 650 | _a2. Financial management | ||
| 942 |
_2ddc _cBK - FIL _kFil. _n0 |
||
| 999 |
_c3217 _d3217 |
||